书目信息 |
| 题名: |
黑龙湖的秘密
|
|
| 作者: | 赵沛 著 | |
| 分册: | ||
| 出版信息: | 北京 中国少年儿童出版社 1963 |
|
| 页数: | 112页 | |
| 开本: | 19cm | |
| 丛书名: | ||
| 单 册: | ||
| 中图分类: | I287.55 | |
| 科图分类: | ||
| 主题词: | 儿童文学-科学故事--中国--现代 , 科学故事-儿童文学--中国--现代 | |
| 电子资源: | ||
| ISBN: | ||
| 000 | 00658nam0 2200241 45 | |
| 001 | 0179006521 | |
| 005 | 20060727165706.46 | |
| 010 | @dCNY0.23 | |
| 091 | @aCN@bR13056.30 | |
| 100 | @a19950721e19791963am y0chiy0121 ea | |
| 101 | 0 | @achi |
| 102 | @aCN@b110000 | |
| 105 | @af z 000fy | |
| 200 | 10 | @a黑龙湖的秘密@Ahei long hu de mi mi@f赵沛著 |
| 205 | @a2版 | |
| 210 | @a北京@c中国少年儿童出版社@d1963@h1979重印 | |
| 215 | @a112页@c插图@d19cm | |
| 606 | @a儿童文学-科学故事@y中国@z现代 | |
| 606 | @a科学故事-儿童文学@y中国@z现代 | |
| 690 | @aI287.55@v3 | |
| 701 | 0 | @a赵沛@Azhao pei@4著 |
| 801 | 0 | @aCN@bTSSF@c20060727 |
| 905 | @a10447@dI287.55@e240 | |
| 黑龙湖的秘密/赵沛著.-2版.-北京:中国少年儿童出版社,1963(1979重印) |
| 112页:插图;19cm |
| ISBN :CNY0.23 |
| ● |
| 相关链接 |
|
|
|
|
正题名:黑龙湖的秘密
索取号:I287.55/240
 
预约/预借
| 序号 | 登录号 | 条形码 | 馆藏地/架位号 | 状态 | 备注 |
| 1 | 0428342 | 204283426 | 密集书库/ [索取号:I287.55/240] | 在馆 |